| 000 | 01030nam a22003257a 4500 | ||
|---|---|---|---|
| 003 | CHAP | ||
| 005 | 20220817042728.0 | ||
| 008 | 971013s1973 r 00010 d | ||
| 010 | _a53662 | ||
| 011 | _a54634 | ||
| 035 | _a58785 | ||
| 040 | _cCHAP | ||
| 082 |
_a080 _bS46 v.10 |
||
| 100 | 0 | 0 |
_aRuiz de Alarcón, Juan. _9100639 |
| 245 | _aCuatro comedias ; las paredes oyen ; la verdad sospechosa ; los pechos privilegiados ; ganar amigos | ||
| 250 | _a9 ed. | ||
| 260 |
_aMéxico, D. F. : _bPorrúa, _c1973 |
||
| 300 | _a206 p. | ||
| 490 |
_aSepan Cuántos _v; 10 |
||
| 590 |
_aBATCH-UPD _b10 _c20130110 _lUCH01 _h0318 |
||
| 590 |
_aBATCH-UPD _b10 _c20130110 _lUCH01 _h1657 |
||
| 590 |
_aBATCH-UPD _b10 _c20130409 _lUCH01 _h2351 |
||
| 590 |
_aBATCH-UPD _b10 _c20130914 _lUCH01 _h2010 |
||
| 590 |
_aCONVERSION _b10 _c20130109 _lUCH01 _h1329 |
||
| 650 | 1 | 4 |
_aTeatro español. _9111862 |
| 830 | 0 |
_aSepan cuantos _v; 10 |
|
| 901 | _aBK | ||
| 942 | _cLIBRO | ||
| 949 |
_a080 S46 v.10 _bBC _cLIBRO _d33724000317103 _eLIBRO _h30415 _i58785 _si |
||
| 999 |
_c53662 _d53662 |
||